000 01646nam a2200409 i 4500
001 196164
003 ES-MaACL
005 20250507063025.0
008 240816s2023 sp a | |||| 000 0 spa
015 _aMON23
017 _aB 4270-2023
_bOficina Depósito Legal Barcelona
020 _a9788423435555
035 _a(SpMaBN)a7291184
035 _a991049360199708606
040 _aSpMaBN
_bspa
_cSpMaBN
_erda
080 _a305-053.6-055.42
080 _a159.923.2-055.4
100 _aErrasti Pérez, José Manuel,
_d1964-
_9238408
_eaut
245 1 0 _aMamá, soy trans :
_buna guía para familias de adolescentes con conflictos de género /
_cJosé Errasti, Marino Pérez Álvarez, Nagore de Arquer ; ilustraciones, Eliana Gutiérrez.
250 _aPrimera edición: abril de 2023
264 1 _aBarcelona :
_bEdiciones Deusto,
_c[2023].
264 4 _c©2023
300 _a251 páginas :
_bilustraciones, gráficos (blanco y negro) ;
_c23 cm.
336 _aTexto
_2rdacontent
337 _asin mediación
_2rdamedia
338 _avolumen
_2rdacarrier
650 0 _aAdolescentes transgénero
_9238409
650 4 _aIdentidad sexual
_913543
700 0 _aPérez Alvarez, Marino
_990636
_eaut
700 _aArquer, Nagore de
_9238410
_eaut
700 _aGutiérrez, Eliana
_9238411
_eaut
852 _aES-MaACL
_cDEPOJ
_jN-9232
_hDonación: José Errasti, Marino Pérez Álvarez y Nagore de Arquer
_xEncuadernación rústica con solapas
_9205194
942 _cMONOGRAFIA
_n0
999 _c196164
_d196164